000 00748nam a2200217Ii 4500
003 JO-AjNU
008 230605s9999||||xx |||||||||||||| ||und||
017 _a2006/4649
020 _a977-5673-53-4
040 _aJO-AjNU
_bara
_erda
_cJO-AjNU
041 _aara
050 1 4 _aHC498.H32 2006
100 3 _aتاليف حجي، طارق,
_eauthor
_951985
245 0 0 _aالإدارة والواقع العربي : فصول في الإدارة
264 3 1 _aالقاهرة: المنظمة العربية للتنمية الادارية، 2006
300 _a177ص
336 _atext
_btxt
_2rdacontent
337 _aunmediated
_bn
_2rdamedia
338 _avolume
_bnc
_2rdacarrier
650 4 _aالادارة - المجتمع - التقدم
_951986
999 _aA23001
_c26569
_d26569